Batman Villians SUDDEN DEATH - Statistics

General Stats
  • This quiz has been taken 312 times
  • The average score is 10 of 35
Answers on the Grid
Answers color-coded by a green-red scale on the quiz's grid according to % correct below.
Riddler
Catwoman
Pencil
Eraser
Clayface
One-Face
Hugo Strange
Two-Face
Professor Pig
Polar Bear
Zebra
Professor Pyg
Deathstroke
Bane
Poison Ivy
Claw
Killer Croc
Luke Fox
Talon
Cold Killer
The Baffler
Owlman
Anarky
Killer Gator
Red Hood (Jason Todd)
Joker
White Mask
Condiment King
Dr. Freeze
Calendar Man
Victor Zsasz
Mr. Freeze
Clock King
Deadshot
Falcone
Cheetah
Vandal Savage
Reverse Flash
Black Mask
Deathshot
Zoom
Omni-Man
Firefly
Wonder Woman
Deacon Blackfire
Gotham
Killer Frost
The Narwhal
The Demon
Elektra
Amanda Waller
Poison Oak
Party-Man
Harley Quinn
Ra's Al Ghul
 
Answer Stats
Answer % Correct
Joker
51%
Two-Face
50%
Bane
47%
Clayface
47%
Poison Ivy
47%
Ra's Al Ghul
46%
Catwoman
43%
Mr. Freeze
42%
Harley Quinn
41%
Hugo Strange
40%
Riddler
40%
Deadshot
39%
Killer Croc
38%
Red Hood (Jason Todd)
38%
Victor Zsasz
32%
Calendar Man
31%
Falcone
31%
Black Mask
30%
Deathstroke
30%
Owlman
29%
Condiment King
27%
Firefly
27%
Professor Pyg
27%
Clock King
23%
Talon
20%
Deacon Blackfire
19%
Anarky
18%
Amanda Waller
17%
Vandal Savage
14%
Eraser
12%
Killer Frost
10%
Gotham
6%
Zebra
6%
The Baffler
4%
The Demon
3%
No matching quizzes found
Score Distribution
Percent of People with Each Score
Percentile by Number Answered
Your Score History
You have not taken this quiz